|
|
|
|
| LEADER |
00000nab a2200000 a 4500 |
| 001 |
vtls009933892 |
| 003 |
SK-MaSNL |
| 005 |
20260426091240.0 |
| 008 |
090728|2009 xo wrz r 000 0 slo |
| 015 |
|
|
|a SNBRB2009/07
|2 kevkjb
|
| 038 |
|
|
|a KEVKJB
|
| 040 |
|
|
|a KEVKJB
|b slo
|c KEVKJB
|e AACR2
|
| 041 |
0 |
|
|a slo
|
| 044 |
|
|
|a xo
|c SK
|
| 080 |
|
|
|a 908
|x (460.32)
|2 2001
|
| 245 |
0 |
0 |
|a Ibiza
|
| 300 |
|
|
|b Obr.
|
| 650 |
0 |
7 |
|a turistické zaujímavosti
|2 SNKPH
|9 73869
|
| 651 |
|
7 |
|a Ibiza (Španielsko : ostrov)
|2 kevkjb
|9 26181
|
| 651 |
|
7 |
|a Baleáry (Španielsko : súostrovie)
|2 kevkjb
|9 216541
|
| 651 |
|
7 |
|a Španielsko
|2 kevkjb
|9 20008
|
| 773 |
0 |
|
|t Markíza
|g Roč. XII, č. 29 (2009), s. 52-53
|x 1335-2776
|
| 852 |
|
|
|a KEVKJB
|b KIS3GCP
|
| 958 |
|
|
|a ES
|
| 999 |
|
|
|c 3018714
|d 3020644
|